The problems of U.S. business operating abroad in terrorist environments

Gespeichert in:  
Bibliographische Detailangaben
VerfasserInnen: Purnell, Susanna W. (Verfasst von) ; Wainstein, Eleanor S. (Verfasst von)
Medienart: Druck Buch
Sprache:Englisch
Veröffentlicht: Santa Monica, CA Rand 1981
In: Rand report (R-2842-DOC)
Jahr: 1981
Bestand in Tübingen:In Tübingen vorhanden.
UB: KB 6 E 235
Verfügbarkeit prüfen: HBZ Gateway
Subito Bestelldienst: Jetzt bestellen.

MARC

LEADER 00000cam a22000002c 4500
001 109066091X
003 DE-627
005 20220514123244.0
007 tu
008 900608s1981 xx ||||| 00| ||eng c
035 |a (DE-627)109066091X 
035 |a (DE-576)02066091X 
035 |a (DE-599)BSZ02066091X 
035 |a (OCoLC)256037820 
040 |a DE-627  |b ger  |c DE-627  |e rakwb 
041 |a eng 
100 1 |a Purnell, Susanna W.  |4 aut 
245 1 4 |a The problems of U.S. business operating abroad in terrorist environments  |c Susanna W. Purnell; Eleanor S. Wainstein 
264 1 |a Santa Monica, CA  |b Rand  |c 1981 
300 |a XIII, 103 S. 
336 |a Text  |b txt  |2 rdacontent 
337 |a ohne Hilfsmittel zu benutzen  |b n  |2 rdamedia 
338 |a Band  |b nc  |2 rdacarrier 
490 1 |a Rand report  |v R-2842-DOC 
583 1 |a Archivierung prüfen  |c 20200919  |f DE-640  |z 1  |2 pdager 
700 1 |a Wainstein, Eleanor S.  |4 aut 
830 0 |a Rand report  |v R-2842-DOC  |9 2842-DOC  |w (DE-627)1089811128  |w (DE-576)019811128  |7 am 
951 |a BO 
ELC |b 1 
LOK |0 000 xxxxxcx a22 zn 4500 
LOK |0 001 214591031X 
LOK |0 003 DE-627 
LOK |0 004 109066091X 
LOK |0 005 20020606000000 
LOK |0 008 900608||||||||||||||||ger||||||| 
LOK |0 040   |a DE-21  |c DE-627  |d DE-21 
LOK |0 852   |a DE-21 
LOK |0 852 1  |c KB 6 E 235  |9 00 
LOK |0 935   |a krim 
LOK |0 936ln  |a k10.2.2 
LOK |0 939   |a 08-06-90  |b l01 
ORI |a SA-MARC-krimdoka001.raw 
SIG |a UB: KB 6 E 235